000 01593nam0a2200337 i 4500
001 RU\NLR\bibl\2020407
005 20260405214929.0
010 _a9785436700236
_9500
021 _aRU
_b2013-19901
_91402
035 _a(NLR Aleph) 002008653
090 _a4443615
_c4443615
100 _a20130408d2011 k y0rusy50 ca
101 0 _arus
102 _aRU
105 _ay |||||||||
200 1 _aОрганы Главлита на Урале в межвоенный период (1920-1941 гг.)
_eмонография
_fС.А. Дианов
210 _aПермь
_cредакционно-издательский отдел Пермского государственного педагогического университета
_d2011
215 _a334 с.
_cил., табл.
_d28
320 _aБиблиогр.: с. 313-331
320 _aОсновные публ. авт. по дан. теме: с. 332-334
606 1 _aЦензура
_xИстория
_yУрал
_z1922 - 1941
_92615836
_3RU\NLR\auth\661552395
607 _aУрал
_xПолитика и управление
_xИстория
_92508816
_3RU\NLR\auth\661487435
686 _aТ3(2Р37)7-3
686 _aЧ610.3(2Р37)71-7
700 1 _4070
_7ca
_8rus
_aДианов
_bС. А.
_gСергей Александрович
_980790
_3RU\NLR\auth\7797864
801 0 _aRU
_bNLR
_c20130408
_gRCR
801 1 _aRU
_bNLR
_c20130408
942 _cBOOK
980 _aNBR